Les Catilinaires : discours pour milon /

Guardat en:
Dades bibliogràfiques
Autor principal: Cicerón, Marco Tulio (autor)
Format: Llibre
Idioma:francès
Col·lecció:(Bibliothèque Nationale ; 217)
Matèries:
Etiquetes: Afegir etiqueta
Sense etiquetes, Sigues el primer a etiquetar aquest registre!

MARC

LEADER 00000nam^a2200000^a^4500
001 000364988
005 20250526000000.0
009 20260310115631.114
037 |a Acervo ITESO - Biblioteca 
041 |a FRA 
082 |a 808. 8  |b NAT V. 217 
100 |a Cicerón, Marco Tulio  |e (autor) 
240 1 1 |a [Discursos de Cicerón] 
240 1 1 |a [Catilinarias] 
245 1 4 |a Les Catilinaires :  |b discours pour milon /  |c M.T. Cicerón ; tr. por Athanase Auger. 
264 |a París, Francia :  |b Bibliothèque Nationale de France,  |c 1878, c1878 
300 |a 159 p. ;  |c 14.0 cm. 
336 |a texto  |b txt  |2 rdacontenido 
337 |a sin mediación  |b n  |2 rdamedio 
338 |a volumen  |b nc  |2 rdasoporte 
440 1 |a (Bibliothèque Nationale ;  |v 217) 
500 |a Traducción de: In Catilinam oratio prima, secunda, tertia, quarta 
545 0 |a Nacido en el año 106 a.C. y muerto en el 43 a.C., el romano Marco Tulio Cicerón tomó parte muy activa en la vida política de su época, es recordado especialmente como orador y aunque ha sido calificado como un filósofo carente de una verdadera originalidad, desempeñó un papel central en la difusión de la filosofía griega en la cultura romana. Las Catilinarias, las Filípicas, De la República, De las leyes, De los deberes, De la amistad y Disputas tusculanas son algunos de los títulos que integran su muy extensa obra. Sus Cartas -de las que se han conservado casi un millar- permiten conocer su personalidad como la de ningún otro escritor latino y son una importante fuente histórica para el conocimiento de la vida privada de la Roma de aquel momento. Cicerón es ubicado a veces como un filósofo estoico, empero su formación fue ecléctica y en sus tratados expone las doctrinas de las principales escuelas filosóficas de su tiempo (estoica, epicúrea, académica) sobre problemas metafísicos y morales, al tiempo que sigue la tendencia de Antíoco en su intento de armonizar tales doctrinas en una síntesis con énfasis en las cuestiones éticas. 
649 |a XX 
650 |a Políticos Romanos -  |x Discursos 
650 |a Escritores Latinos -  |x Discursos 
650 |a Discursos Latinos (Oratoria) 
650 |a Oratoria Latina 
650 |a Literatura Latina -  |y Siglo I a.C. 
650 |a Literatura Clásica -  |y Siglo I a.C. 
650 |a Conspiración -  |z Roma -  |x Historia 
650 |a Política -  |z Roma -  |x Historia 
650 |a Roma -  |x Historia -  |y Conspiración de Catilina, 65-62 a.C. -  |x Tema Principal 
650 |a Roma -  |x Historia -  |y Consulado, Dictaduras y Triunviratos, 122-31 a.C. 
650 |a Roma -  |x Historia -  |y Contienda Civil, 146-31 a.C. 
650 |a Roma -  |x Historia -  |y Siglo I a.C. 
650 |a Roma -  |x Historia -  |y República, 509-31 a.C. 
650 |a Historia Antigua 
650 |a Cicerón, Marco Tulio 
650 |a Marcelo, Marco Claudio,  |c Cónsul  |d (51 a.C.) -  |x Tema Principal 
650 |a Milón, Tito Annio 
740 0 |a Discours pour Marcellus /  |c M.T. Cicerón ; tr. por Athanase Auger. 
740 0 |a Discours pour Milon /  |c M.T. Cicerón ; tr. por Athanase Auger. 
910 |a Fondo General 
920 |a Impresos - Libros 
930 |a Libros Antiguos y Raros 
940 |a Literatura 
905 |a 108 
901 |a 0500258588  |b IT2  |c LRA  |i D74045  |u 20250526 
902 |a https://opac.biblio.iteso.mx/vufind/Record/000364988